000 00435nam a2200181Ia 4500
001 1599
005 20260306143740.0
008 260306t2014||||xx |||||||||||||| ||spa||
041 _aESP
082 _a153.15
_bP39
100 _aPellón Suárez de Puga, Ricardo
_eAUT
245 0 _aPsicología del aprendizaje
260 _c2014
300 _a400 páginas :
_c24 cm.
650 _aGEN
654 _aCPS
942 _cLIB
_dJUS
_fJUS
_2ddc
_n
999 _c1599
_d1599